OCULAR MICROBIOLOGY (Record no. 10521)

MARC details
000 -LEADER
fixed length control field 00281nam a22001337a 4500
003 - CONTROL NUMBER IDENTIFIER
control field SGT
082 ## - DEWEY DECIMAL CLASSIFICATION NUMBER
Classification number 616.01
Item number O10M
100 ## - MAIN ENTRY--PERSONAL NAME
Personal name MUKHERJEE, PK
245 ## - TITLE STATEMENT
Title OCULAR MICROBIOLOGY
260 ## - PUBLICATION, DISTRIBUTION, ETC. (IMPRINT)
Place of publication, distribution, etc INDIA
Name of publisher, distributor, etc JAYPEE
Year of Publication 2010
300 ## - PAGE DESCRIPTION
No. of Pages 200
650 ## - SUBJECT ADDED ENTRY--TOPICAL TERM
Topical term or geographic name as entry element MICROBIOLOGY
942 ## - ADDED ENTRY ELEMENTS (KOHA)
Source of classification or shelving scheme Dewey Decimal Classification
Koha item type Books
942 ## - ADDED ENTRY ELEMENTS (KOHA)
-- 9
Holdings
Withdrawn status Lost status Source of classification or shelving scheme Damaged status Not for loan Collection code Home library Current library Shelving location Date acquired Vendor Name Cost, normal purchase price SGTU Bill Number Total Checkouts Full call number Accession No. (Barcode) Date last seen Date last borrowed Bill Date Koha item type
    Dewey Decimal Classification     MEDICAL SGT Medical Library SGT Medical Library Reference Book 19/01/2017 ABC 595.00 SGTU 6436 12 616.01 O10M FM7826 23/12/2022 20/12/2022 02/01/2016 Books
    Dewey Decimal Classification     MEDICAL SGT Medical Library SGT Medical Library Reference Book 19/01/2017 ABC 595.00 SGTU 6436 7 616.01 O10M FM7827 23/01/2020 07/01/2020 02/01/2016 Books
    Dewey Decimal Classification     MEDICAL SGT Medical Library SGT Medical Library Reference Book 19/01/2017 ABC 595.00 SGTU 6436 10 616.01 O10M FM7828 31/03/2025 31/03/2025 02/01/2016 Books
Withdrawn   Dewey Decimal Classification     MEDICAL SGT Medical Library SGT Medical Library Reference Book 19/01/2017 ABC 595.00 SGTU 6436 6 616.01 O10M FM7829 22/05/2019 04/05/2019 02/01/2016 Books
    Dewey Decimal Classification     MEDICAL SGT Medical Library SGT Medical Library Reference Book 19/01/2017 ABC 595.00 SGTU 6436 4 616.01 O10M FM7830 27/05/2022 13/05/2022 02/01/2016 Books